<?xml version="1.0" encoding="UTF-8"?>
<record
    xmlns:xsi="http://www.w3.org/2001/XMLSchema-instance"
    xsi:schemaLocation="http://www.loc.gov/MARC21/slim http://www.loc.gov/standards/marcxml/schema/MARC21slim.xsd"
    xmlns="http://www.loc.gov/MARC21/slim">

  <leader>00573nam a22001937a 4500</leader>
  <controlfield tag="005">20251001115341.0</controlfield>
  <datafield tag="020" ind1=" " ind2=" ">
    <subfield code="a">9976603983</subfield>
    <subfield code="c">TZS 20,000/=</subfield>
  </datafield>
  <datafield tag="040" ind1=" " ind2=" ">
    <subfield code="a">MCCL</subfield>
    <subfield code="b">eng.</subfield>
    <subfield code="e">AACR 2nd rev. ed.</subfield>
  </datafield>
  <datafield tag="082" ind1=" " ind2=" ">
    <subfield code="a">346.678046 FIM</subfield>
  </datafield>
  <datafield tag="100" ind1=" " ind2=" ">
    <subfield code="a">Fimbo, Gamaliel Mgongo</subfield>
  </datafield>
  <datafield tag="245" ind1=" " ind2=" ">
    <subfield code="a">Land Law reforms in Tanzania </subfield>
    <subfield code="c">/Gamaliel Mgongo Fimbo </subfield>
  </datafield>
  <datafield tag="260" ind1=" " ind2=" ">
    <subfield code="a">Dar es salaam :</subfield>
    <subfield code="b">Dar es salaam university press ,</subfield>
    <subfield code="c">c2004.</subfield>
  </datafield>
  <datafield tag="300" ind1=" " ind2=" ">
    <subfield code="a">xvii, 50 p. :</subfield>
    <subfield code="c">18 cm.</subfield>
  </datafield>
  <datafield tag="546" ind1=" " ind2=" ">
    <subfield code="a">eng</subfield>
  </datafield>
  <datafield tag="650" ind1=" " ind2=" ">
    <subfield code="a">Land Law</subfield>
  </datafield>
  <datafield tag="650" ind1=" " ind2=" ">
    <subfield code="a">Land law policies and reforms</subfield>
  </datafield>
  <datafield tag="700" ind1=" " ind2=" ">
    <subfield code="a">Fimbo, Gamaliel Mgongo</subfield>
  </datafield>
  <datafield tag="942" ind1=" " ind2=" ">
    <subfield code="c">BK</subfield>
  </datafield>
  <datafield tag="999" ind1=" " ind2=" ">
    <subfield code="c">11513</subfield>
    <subfield code="d">11513</subfield>
  </datafield>
  <datafield tag="952" ind1=" " ind2=" ">
    <subfield code="0">0</subfield>
    <subfield code="1">0</subfield>
    <subfield code="4">0</subfield>
    <subfield code="7">0</subfield>
    <subfield code="a">MU002</subfield>
    <subfield code="b">MU002</subfield>
    <subfield code="d">2007-10-01</subfield>
    <subfield code="l">0</subfield>
    <subfield code="o">346.678046 FIM</subfield>
    <subfield code="p">002439</subfield>
    <subfield code="r">2025-10-01 11:55:23</subfield>
    <subfield code="t">1</subfield>
    <subfield code="w">2025-10-01</subfield>
    <subfield code="y">BK</subfield>
  </datafield>
  <datafield tag="952" ind1=" " ind2=" ">
    <subfield code="0">0</subfield>
    <subfield code="1">0</subfield>
    <subfield code="4">0</subfield>
    <subfield code="7">0</subfield>
    <subfield code="a">MU002</subfield>
    <subfield code="b">MU002</subfield>
    <subfield code="d">2025-10-01</subfield>
    <subfield code="l">0</subfield>
    <subfield code="o">346.678046 FIM</subfield>
    <subfield code="p">002440</subfield>
    <subfield code="r">2025-10-01 12:01:26</subfield>
    <subfield code="t">1</subfield>
    <subfield code="w">2025-10-01</subfield>
    <subfield code="y">BK</subfield>
  </datafield>
</record>
